| 000 | 00435nam a2200181Ia 4500 | ||
|---|---|---|---|
| 008 | 240925s9999 xx 000 0 und d | ||
| 020 | _a6169325 | ||
| 082 | _a823 CHR | ||
| 100 | _aChristie, Agatha | ||
| 245 | 0 | _aHercule Poirots Christmas | |
| 250 | _aNA | ||
| 260 |
_aLondon: _bFontana _c,1957. |
||
| 300 |
_a249p. _bNA _fOriginal |
||
| 500 | _aNA | ||
| 600 | _aHumanities & Natural Science | ||
| 650 | _aLiterature | ||
| 942 | _cBK | ||
| 999 |
_c2920 _d2920 |
||